00430nam a2200157Ia 4500008004100000020001800041082001700059100001800076245005200094250000800146260004100154300002800195500001900223600001500242650001500257240925s9999 xx 000 0 und d a9781118173275 a658.4036 MCG aMcGoff, Chirs 4aThe Primes: how any group can solve any problem a1st aNew York:bJohn Wiley & Sonsc,2012. axv, 677p.bNAfOriginal aIncludes Index aManagement aManagement